000 08129nam a22007457a 4500
005 2008092902512.0
008 080929t xxu||||| |||| 00| 0 eng d
010 _aENG-91067 B-311763-799
020 _a0070080739
_c375.00
035 _aEN-74600
035 _a B-311763-799
035 _a B-357603
037 _bDBAD / PUB
040 _aDPL
_bEnglish
082 _a540
245 _aComplete chemistry for All India Engineering Entrance Examination (AIEEE)
260 _aNew Delhi
_bTata McGraw-Hill Publishing
_c2009
270 _a7, west Patel Nagar
_bNew Delhi
_e110008
300 _aVarious pagings
_c23cm. (pbk)
_eCD
490 _aTata McGraw-Hill's winning we edge series
650 _aChemistry
650 _aAll India Engineering Entrance Examination (AIEEE)
942 _2ddc
_cEN
_h540
_mCOM
999 _c15912
_d15912